Normal view MARC view
  • Dr. Farid Gul

Entry Personal Name

Number of records used in: 1

001 - CONTROL NUMBER

  • control field: 31066

003 - CONTROL NUMBER IDENTIFIER

  • control field: NUST

005 - DATE AND TIME OF LATEST TRANSACTION

  • control field: 20200930153323.0

008 - FIXED-LENGTH DATA ELEMENTS

  • fixed length control field: 200930|| aca||aabn | a|a d

040 ## - CATALOGING SOURCE

  • Original cataloging agency: NUST
  • Transcribing agency: NUST

100 ## - HEADING--PERSONAL NAME

  • Personal name: Dr. Farid Gul

670 ## - SOURCE DATA FOUND

  • Source citation: Work cat.: (NUST): Zahid, Zaryab Ali ; Khan, Waqas Ali ; Kazmi, Waleed Ur Rehman Shah 31065, Flow Track:, 2019.
© 2023 Central Library, National University of Sciences and Technology. All Rights Reserved.